Inovačné schopnosti regiónov v období 1970-1989

Enregistré dans:
Détails bibliographiques
Auteur principal: Rehák, Štefan, 1974-
Format: Chapitre de livre
Langue:slovaque
Tags: Ajouter un tag
Pas de tags, Soyez le premier à ajouter un tag!

MARC

LEADER 00000nla$a2200000$$$4500
001 0113713
005 20240502072250.4
041 0 |a slo 
044 |a SK 
245 1 0 |a Inovačné schopnosti regiónov v období 1970-1989  |c Štefan Rehák 
100 1 |a Rehák, Štefan, 1974-